00210 a2200109 4500001000700000020000600007040001100013100001400024240002900038245002400067362000900091173541 a  cMagnum aJaf, Ivan10aBastiana vai a lutalpor10aBastiana vai a luta0 a1899